000 00552nam a2200193Ia 4500
005 20260120130632.0
008 008 260114s9999 xx 000 0 eng d
020 _a9780199897063
037 _aEBOOK
040 _aCRL
_beng
_cCRL
041 _aeng
_2eng
084 _qCRL
100 _aHarkema, PhD, Behrman, PhD, PT, Barbeau, PhD
_9917383
245 0 _aLocomotor Training
260 _bOxford University PressOxford University Press
_c2011
856 _uhttps://academic.oup.com/book/8310
942 _cEBOOK
999 _c1509288
_d1509288